00631nam a2200229 a 4500001001300000003000900013005001700022008004100039020000900080082001800089100001500107245002500122260003600147300000900183500003500192650001000227700001500237902000800252942000700260952011700267999001700384nice12345678IN_TiNIC20260116014522.0100122s2009 mada grp 000 0 eng  ac4000a294.5921bGYA aGyananda,  aSaswara Vedamatraalu aMadrasbRamakrishna Math c2009 a285p aincludes index and biblioraphy aVedas1 aGyananda,  bSRS cBK 001040708StackRoom-aHMIbHMId2010-01-22g40.00l0o294.5921 GYAp023114r2010-01-22v40.00w2010-01-22yBK c15746d15746